000 00304nam a2200157Ia 4500
100 _aPuckmnell/
250 _a3
942 _cBK
654 _aVLSI
245 _aBasic VLSI Design
260 _bPrentice Hall
_c2003
082 _a621.395
_bPUC
300 _a495
546 _aENGLISH
999 _c18546
_d18546